00582 a2200169 4500003000400000005001700004008004100021020001800062040000900080082001800089100002500107245005400132260003900186942004200225952012800267999001700395OSt20231227154654.0231227b |||||||| |||| 00| 0 eng d a9788181431752 coclc a891.43bKHE/B aKhetan, Prabha 9291 aBAZAR KE BEECH: BAZAR KE KHILAPH /cPrabha Khetan aNew Delhi:bVani Prakashan,c2021. 2ddccBKh891.43iKHE/Bk891.43mKHE/B 00102ddc40708LITaMESbMEScHINd2023-12-27l0o891.43 KHE/Bp43230r2023-12-27 15:47:31v495.00w2023-12-27yBKzGR6R3 c43596d43596